[Event "ISR-chT"]
[Site "Israel"]
[Date "2007.04.28"]
[Round "10.6"]
[White "Lederer, Yoav"]
[Black "Voloshin, Yuri"]
[Result "1-0"]
[WhiteElo "2308"]
[BlackElo "2141"]
[PlyCount "158"]
[EventDate "2007.01.11"]
[EventType "team"]
[EventRounds "11"]
[EventCountry "ISR"]
[SourceTitle "EXT 2009"]
[Source "ChessBase"]
[SourceDate "2008.11.26"]
[SourceVersion "1"]
[SourceVersionDate "2008.11.26"]
[SourceQuality "1"]
[WhiteTeam "Beer Sheva II"]
[BlackTeam "Holon Hapoel"]
[WhiteTeamCountry "ISR"]
[BlackTeamCountry "ISR"]

1. e4 e6 2. d4 d5 3. Nd2 Nf6 4. e5 Nfd7 5. Ngf3 b6 6. h4 Ba6 7. h5 Bxf1 8. Nxf1 Qc8 9. Rh4 Nc6 10. Rf4 Be7 11. Rg4 g6 12. Bg5 Qa6 13. Rf4 h6 14. Bxe7 Nxe7 15. hxg6 Nxg6 16. Rg4 0-0-0 17. Qe2 Qa4 18. a3 c5 19. 0-0-0 c4 20. Qd2 Kb7 21. Ng3 c3 22. Qxc3 Rc8 23. Qd2 Rxc2+ 24. Qxc2 Rc8 25. Qxc8+ Kxc8 26. Ne2 Nc5 27. Nc3 Nb3+ 28. Kb1 Qc4 29. Rg3 b5 30. Nd2 Nxd2+ 31. Rxd2 Kd7 32. Ne2 b4 33. Rc2 Qb5 34. axb4 Qxb4 35. Rgc3 Qb6 36. Rc5 h5 37. g3 Ke7 38. Rc8 Kd7 39. Rg8 Qb4 40. Rgc8 Qb6 41. R2c5 Qb7 42. Nc3 Qxc8 43. Rxc8 Kxc8 44. Nb5 h4 45. gxh4 Nxh4 46. Nxa7+ Kb7 47. Nb5 Nf5 48. Nd6+ Nxd6 49. exd6 Kc6 50. Kc2 Kxd6 51. f4 f6 52. Kc3 Kc6 53. Kb4 Kb6 54. b3 Kc6 55. Ka4 e5 56. dxe5 d4 57. exf6 d3 58. f7 d2 59. f8Q d1Q 60. Qf6+ Kb7 61. Qe7+ Kb6 62. Qe6+ Kb7 63. f5 Qd4+ 64. Kb5 Qd3+ 65. Kc5 Qc3+ 66. Kd6 Qc7+ 67. Kd5 Qa5+ 68. Ke4 Qe1+ 69. Kf4 Qd2+ 70. Kg4 Qg2+ 71. Kh5 Qh3+ 72. Kg6 Qg3+ 73. Kf7 Qh2 74. f6 Qh5+ 75. Ke7 Qc5+ 76. Ke8 Ka8 77. f7 Qb5+ 78. Qd7 Qh5 79. Qc6+ Ka7 1-0

[Event "ISR-chT"]
[Site "Israel"]
[Date "2007.04.27"]
[Round "9.6"]
[White "Voloshin, Yuri"]
[Black "Khmelniker, Ilya"]
[Result "0-1"]
[WhiteElo "2141"]
[BlackElo "2411"]
[PlyCount "66"]
[EventDate "2007.01.11"]
[EventType "team"]
[EventRounds "11"]
[EventCountry "ISR"]
[SourceTitle "EXT 2009"]
[Source "ChessBase"]
[SourceDate "2008.11.26"]
[SourceVersion "1"]
[SourceVersionDate "2008.11.26"]
[SourceQuality "1"]
[WhiteTeam "Holon Hapoel"]
[BlackTeam "Beer Sheva"]
[WhiteTeamCountry "ISR"]
[BlackTeamCountry "ISR"]

1. Nf3 Nf6 2. c4 g6 3. Nc3 d5 4. cxd5 Nxd5 5. e4 Nb6 6. d4 Bg4 7. Bb5+ c6 8. Be2 Bg7 9. Be3 0-0 10. Qd2 Na6 11. h3 Bxf3 12. gxf3 Qd6 13. Rd1 Rad8 14. Kf1 Qb4 15. Bxa6 bxa6 16. Ne2 Qb5 17. Kg2 f5 18. Qd3 fxe4 19. fxe4 Qh5 20. Nf4 Qg5+ 21. Kf3 e5 22. Qb3+ Kh8 23. dxe5 Rxf4+ 24. Bxf4 Rf8 25. Qe3 Nc4 26. Ke2 Rxf4 27. Rd8+ Qxd8 28. Qxf4 Bxe5 29. Qc1 Nxb2 30. Qc2 c5 31. Rb1 c4 32. Rxb2 Qd3+ 33. Ke1 Bc3+ 0-1